000 00622nam a2200229Ia 4500
005 20241129111110.0
008 241129s9999||||xx |||||||||||||| ||und||
020 _a978-1-5297-5979-2
037 _aTB
040 _aCRL
_beng
_cCRL
041 _aeng
_2eng
084 _aƩ:f Q6;R2
_qCRL
100 _aSalmond Janet E. Au.
_9723295
245 0 _aDoing qualitative research online
_cSalmond Janet E. Au.
250 _a2nd
260 _aLos Angeles, USA
_bSage
_c2022
300 _axxxvi,344p.
365 _aUKP
_b31.99
650 _aSocial Science
942 _cTB
_hƩ:f Q6;R2
999 _c1228915
_d1228915